Lingüística cartesiana: un capítulo de la historia del pensamiento racionalista

El presente trabajo es el primero de una serie de estudios cuyo objetivo es el de profundizar en nuestro conocimiento de la naturaleza del lenguaje y de los procesos y estructuras mentales que fundamentan su uso y adquisición.

Guardat en:
Dades bibliogràfiques
Autor principal: Chomsky, Noam
Format: Llibre
Idioma:Spanish
Publicat: Madrid: Editorial Gredos, 1978
Col·lecció:Biblioteca románica hispánica. Estudios y ensayos; No. 135
Matèries:
Accés en línia:Enlace del recurso
Etiquetes: Afegir etiqueta
Sense etiquetes, Sigues el primer a etiquetar aquest registre!

MARC

LEADER 00000nam a2200000 a 4500
001 001356
008 030814s1978 sp # fr# #000|0#spa#d
020 |a 84-249-0385-4 
041 0 |a spa 
043 |a e-sp--- 
082 0 4 |a 410  |b Ch557l 
100 1 |a Chomsky, Noam 
245 1 0 |a Lingüística cartesiana:  |b un capítulo de la historia del pensamiento racionalista   |c Noam Chomsky 
260 |a Madrid:  |b Editorial Gredos,  |c 1978 
300 |a 176 p. 
440 0 |a Biblioteca románica hispánica. Estudios y ensayos;  |v No. 135 
504 |a Incluye bibliografía. 
520 3 |a El presente trabajo es el primero de una serie de estudios cuyo objetivo es el de profundizar en nuestro conocimiento de la naturaleza del lenguaje y de los procesos y estructuras mentales que fundamentan su uso y adquisición. 
534 |p Título original:  |t Cartesian linguistics. A chapter in the history of rationalist thought 
650 1 4 |a LINGUÍSTICA 
650 1 4 |a RACIONALISMO 
999 |c 3508  |d 3508 
856 |u https://catalogo.idep.edu.co/cgi-bin/koha/opac-detail.pl?biblionumber=3508  |z Enlace del recurso